| 000 | 00916nas a2200277 i 4500 | ||
|---|---|---|---|
| 001 | 1257 | ||
| 003 | ES-MaACL | ||
| 005 | 20251009202046.0 | ||
| 007 | t| | ||
| 008 | 950801d18341841sp m|yp | 1 ||pa d | ||
| 022 | _a9958-8382 | ||
| 080 | _a008 | ||
| 245 | 0 | 3 | _aEl Instructor o Repertorio de historia, bellas letras y artes. |
| 246 | 3 | 3 | _aRepertorio de historia, bellas letras y artes |
| 260 |
_aLondres : _b[El Instructor], _c1834-1841 ( _fCasa de Ackermann y Comp.) |
||
| 300 |
_a7 v. ; _c28 cm. |
||
| 310 | _aMensual | ||
| 362 | 0 | _aT. 1, n. 1 (en. 1834)-t. 8, n. 96 (dic. 1841) | |
| 530 | _aDisponible en formato digital. | ||
| 650 | 7 |
_aCultura _2embne _9170963 |
|
| 700 | 1 |
_aAckermann, Rudolph, _d1764-1834 _9167133 |
|
| 852 |
_aES-MaACL _jHem-982 |
||
| 856 |
_uhttp://hemerotecadigital.bne.es/details.vm?o=&w=2042-0862&f=issn&l=500 _zHemeroteca Digital |
||
| 866 | 0 | _o1834-41. | |
| 999 |
_c1257 _d1257 |
||